Τα φυτά και τα ζώα της πατρίδας μας : τρίτη δημοτικού

Αποθηκεύτηκε σε:
Λεπτομέρειες βιβλιογραφικής εγγραφής
Κύριος συγγραφέας: Κονέτας, Γιάννης Δ.
Μορφή: Βιβλίο
Γλώσσα:Greek
Δημοσίευση: Αθήνα : ΟΕΔΒ, 1980
Θέματα:
Ετικέτες: Προσθήκη ετικέτας
Δεν υπάρχουν, Καταχωρήστε ετικέτα πρώτοι!

MARC

LEADER 00000cam a2200000 i 4500
001 1/92690
008 080828s1980 gre d
035 |l 10099722 
040 |a GR-MY-UA  |b gre  |e aacr 
041 0 |a gre 
082 0 |a ΑΚΑ 570  |2 (22) 
100 1 |a Κονέτας, Γιάννης Δ. 
245 1 3 |a Τα φυτά και τα ζώα της πατρίδας μας :  |b τρίτη δημοτικού /  |c Γιάννης Δ. Κονέτας 
260 |a Αθήνα :   |b ΟΕΔΒ,   |c 1980 
300 |a 159 σ.;  |c 18 εκ. 
650 0 0 |a Plants  |z Greece. 
650 0 0 |a Zoology  |z Greece. 
650 0 0 |a Botany  |z Greece. 
852 |a INST  |b RHODES  |c AKA  |e 20080828  |h  570 KON  |p 005400028077  |q 005400028077  |t BK  |y 0 
901 |a BIBL4-2008-2 
909 |a Ρ  |b 153275 
970 |a ΜΙΣΣΟΣ  |b ΣΤΑΥΡΟΣ  |z 2008/08/28